[Event "AUT-chT2M 2122"]
[Site "Austria"]
[Date "2021.10.03"]
[Round "3.6"]
[White "Schieder, Andreas"]
[Black "Ennsberger, Ulrich"]
[Result "0-1"]
[WhiteElo "2170"]
[BlackElo "2253"]
[PlyCount "82"]
[EventDate "2021.10.01"]
[EventType "team-tourn"]
[EventRounds "11"]
[EventCountry "AUT"]
[SourceTitle "CBM 204 Extra"]
[Source "ChessBase"]
[SourceDate "2021.11.30"]
[SourceVersion "1"]
[SourceVersionDate "2021.11.30"]
[SourceQuality "1"]
[WhiteTeam "Pinggau Friedberg"]
[BlackTeam "Ansfelden Union"]
[WhiteTeamCountry "AUT"]
[BlackTeamCountry "AUT"]

1. d4 c5 2. e3 Nf6 3. Nd2 cxd4 4. exd4 d5 5. Bd3 Nc6 6. Ngf3 Bg4 7. h3 Bh5 8. c3 e6 9. b4 Bd6 10. b5 Na5 11. Qa4 0-0 12. Ba3 Bxa3 13. Qxa3 Bg6 14. Bxg6 hxg6 15. 0-0 Qb6 16. Ne5 Rfc8 17. Rfe1 Rc7 18. Ndf3 Rac8 19. Ng5 Nc4 20. Qb4 Nxe5 21. dxe5 Nh7 22. Nxh7 Kxh7 23. Re3 Rc4 24. Qe7 Qc7 25. Qg5 Rxc3 26. Rae1 Rxe3 27. Rxe3 Kg8 28. Kh2 d4 29. Rf3 Rd8 30. Rd3 Rd5 31. f4 Qc4 32. Rg3 Rd7 33. b6 a6 34. Rg4 Qc2 35. Rh4 Qf5 36. Qg3 d3 37. Qe1 d2 38. Qd1 g5 39. fxg5 Qxe5+ 40. g3 Qe1 41. Qh5 Qf2+ 0-1

[Event "AUT-chT2M 2122"]
[Site "Austria"]
[Date "2021.10.01"]
[Round "1.6"]
[White "Ussar, Reinhard"]
[Black "Schieder, Andreas"]
[Result "1/2-1/2"]
[WhiteElo "1663"]
[BlackElo "2170"]
[PlyCount "90"]
[EventDate "2021.10.01"]
[EventType "team-tourn"]
[EventRounds "11"]
[EventCountry "AUT"]
[SourceTitle "CBM 204 Extra"]
[Source "ChessBase"]
[SourceDate "2021.11.30"]
[SourceVersion "1"]
[SourceVersionDate "2021.11.30"]
[SourceQuality "1"]
[WhiteTeam "Graz Schachgesellschaft"]
[BlackTeam "Pinggau Friedberg"]
[WhiteTeamCountry "AUT"]
[BlackTeamCountry "AUT"]

1. e4 e6 2. d4 d5 3. exd5 exd5 4. Bd3 Bd6 5. Ne2 Qh4 6. Nbc3 c6 7. Be3 Nh6 8. g3 Qf6 9. Bxh6 Qxh6 10. Qd2 Qf6 11. 0-0-0 Be6 12. f4 Bf5 13. Qe3+ Kd8 14. Bxf5 Qxf5 15. g4 Qd7 16. Qf3 b5 17. Ng3 Qc7 18. Rhf1 Nd7 19. Nf5 b4 20. Na4 g6 21. Nxd6 Qxd6 22. g5 Kc7 23. b3 f5 24. Rde1 Rae8 25. Qf2 Re4 26. Nc5 Nxc5 27. dxc5 Qd7 28. Rxe4 dxe4 29. Rd1 Qg7 30. Qd4 Qxd4 31. Rxd4 Rd8 32. Rxd8 Kxd8 33. c3 bxc3 34. Kc2 a5 35. a4 Kd7 36. Kxc3 Ke6 37. Kd4 Kd7 38. Kc3 Kc7 39. Kd4 Kb7 40. Kc3 Kc7 41. Kd4 Kd7 42. Kc3 Ke7 43. Kc4 Kd7 44. Kc3 Ke6 45. Kd4 Kd7 1/2-1/2

[Event "AUT-chT2M 1920"]
[Site "Austria"]
[Date "2020.01.10"]
[Round "7.6"]
[White "Schieder, Andreas"]
[Black "Ceschia, Ivano"]
[Result "0-1"]
[WhiteElo "2188"]
[BlackElo "2211"]
[PlyCount "74"]
[EventDate "2019.10.11"]
[EventType "team-tourn"]
[EventRounds "11"]
[EventCountry "AUT"]
[SourceTitle "CBM 194 Extra"]
[Source "ChessBase"]
[SourceDate "2020.03.31"]
[SourceVersion "1"]
[SourceVersionDate "2020.03.31"]
[SourceQuality "1"]
[WhiteTeam "Pinggau Friedberg"]
[BlackTeam "St Veit Aspernig II"]
[WhiteTeamCountry "AUT"]
[BlackTeamCountry "AUT"]

1. d4 e6 2. f4 Nf6 3. e3 c5 4. c3 b6 5. Nd2 Bb7 6. Nh3 Be7 7. Nf3 d6 8. Bd3 Nbd7 9. 0-0 Qc7 10. Qe2 Ne4 11. Nfg5 Ndf6 12. f5 Nxg5 13. Nxg5 h6 14. Nxf7 Kxf7 15. fxe6+ Kxe6 16. e4 cxd4 17. cxd4 Rhe8 18. Bd2 Kf7 19. Rac1 Qd8 20. Qh5+ Kg8 21. Qg6 Qd7 22. e5 Qg4 23. exf6 Qxg6 24. Bxg6 Bxf6 25. Bxe8 Bxd4+ 26. Kh1 Rxe8 27. Rfe1 Rf8 28. Rc7 Bxg2+ 29. Kxg2 Rf2+ 30. Kh3 Rxd2 31. Rxa7 Rxb2 32. a4 Be5 33. Rh1 Ra2 34. Ra6 Kh7 35. Rxb6 Rxa4 36. Rd1 h5 37. Rbb1 g5 0-1

[Event "Steyr Landesliga 1920"]
[Site "Austria"]
[Date "2019.10.19"]
[Round "3.4"]
[White "Schieder, Andreas"]
[Black "Loebler, Heimo"]
[Result "0-1"]
[WhiteElo "2191"]
[BlackElo "2135"]
[PlyCount "122"]
[EventDate "2019.09.28"]
[EventType "team-tourn"]
[EventRounds "11"]
[EventCountry "AUT"]
[SourceTitle "CBM 193 Extra"]
[Source "ChessBase"]
[SourceDate "2020.01.31"]
[SourceVersion "1"]
[SourceVersionDate "2020.01.31"]
[SourceQuality "1"]
[WhiteTeam "Pinggau Friedberg"]
[BlackTeam "Graz Schachgesellschaft"]
[WhiteTeamCountry "AUT"]
[BlackTeamCountry "AUT"]

1. d4 Nf6 2. Bg5 c5 3. Nc3 cxd4 4. Qxd4 Nc6 5. Qh4 d6 6. e4 Qa5 7. 0-0-0 Be6 8. a3 h6 9. Bxf6 gxf6 10. f4 a6 11. f5 Bd7 12. Bc4 h5 13. Nf3 Rc8 14. Bb3 b5 15. Kb1 b4 16. Nd5 Bg7 17. Qg3 Bf8 18. axb4 Nxb4 19. Nxb4 Qxb4 20. Bxf7+ Kd8 21. Rd4 Qb6 22. Rhd1 a5 23. Nh4 Rb8 24. Qa3 Rh7 25. Bb3 Bh6 26. Ng6 Be3 27. R4d3 Bc5 28. Qa2 a4 29. Bc4 Rg7 30. Nf4 h4 31. Rh3 Rg4 32. g3 a3 33. Bb3 Qb7 34. Rd5 Qb4 35. Nd3 Qd2 36. Rxc5 Qd1+ 37. Nc1 dxc5 38. Qxa3 Rxe4 39. Rxh4 Rxh4 40. gxh4 Qd4 41. Qa5+ Ke8 42. Qc7 Qd6 43. Qxd6 exd6 44. Ne2 Bxf5 45. Bc4 Ke7 46. Nf4 Be4 47. h5 Rd8 48. h6 d5 49. Ba2 Kd6 50. Kc1 Ke5 51. Nh3 Rh8 52. Nf2 f5 53. c4 d4 54. Bb1 Bxb1 55. Kxb1 Rxh6 56. h3 Kf4 57. Nd3+ Ke3 58. Nxc5 f4 59. Kc2 Rxh3 60. b4 f3 61. Nb3 Rh2+ 0-1

[Event "AUT-chT2M 1819"]
[Site "Austria"]
[Date "2019.01.20"]
[Round "8.5"]
[White "Schieder, Andreas"]
[Black "Hiermann, Dietmar"]
[Result "1-0"]
[WhiteElo "2196"]
[BlackElo "2218"]
[PlyCount "73"]
[EventDate "2018.10.19"]
[EventType "team-tourn"]
[EventRounds "11"]
[EventCountry "AUT"]
[SourceTitle "CBM 189 Extra"]
[Source "ChessBase"]
[SourceDate "2019.06.03"]
[SourceVersion "1"]
[SourceVersionDate "2019.06.03"]
[SourceQuality "1"]
[WhiteTeam "Pinggau Friedberg"]
[BlackTeam "Sauwald"]
[WhiteTeamCountry "AUT"]
[BlackTeamCountry "AUT"]

1. e4 e5 2. Nf3 Nc6 3. Bc4 Bc5 4. 0-0 d6 5. c3 Nf6 6. d3 h6 7. a4 a6 8. a5 0-0 9. Qe2 Ba7 10. Be3 Re8 11. Nbd2 Qe7 12. h3 Be6 13. Bxe6 Qxe6 14. Nh4 d5 15. Bxa7 Nxa7 16. Nf5 Nc6 17. Kh2 Ne7 18. Ne3 Rad8 19. g3 Rd7 20. Rad1 Red8 21. exd5 Nexd5 22. Nec4 Re7 23. Rfe1 Rde8 24. Qf3 Qd7 25. Re2 b5 26. axb6 cxb6 27. Ne4 b5 28. Ncd6 Nxe4 29. dxe4 Qxd6 30. Rxd5 Qb6 31. Red2 Re6 32. Kg2 g6 33. Rd7 R8e7 34. Rd8+ Re8 35. R2d7 f6 36. Qg4 f5 37. Qxg6+ 1-0

[Event "AUT-chT2M 1819"]
[Site "Austria"]
[Date "2019.01.18"]
[Round "6.5"]
[White "Wiesinger, Robert"]
[Black "Schieder, Andreas"]
[Result "0-1"]
[WhiteElo "2262"]
[BlackElo "2196"]
[PlyCount "64"]
[EventDate "2018.10.19"]
[EventType "team-tourn"]
[EventRounds "11"]
[EventCountry "AUT"]
[SourceTitle "CBM 189 Extra"]
[Source "ChessBase"]
[SourceDate "2019.06.03"]
[SourceVersion "1"]
[SourceVersionDate "2019.06.03"]
[SourceQuality "1"]
[WhiteTeam "Steyregg"]
[BlackTeam "Pinggau Friedberg"]
[WhiteTeamCountry "AUT"]
[BlackTeamCountry "AUT"]

1. e4 e5 2. Nf3 Qe7 3. Bc4 d6 4. Nc3 Nf6 5. 0-0 Bg4 6. h3 Bh5 7. Be2 h6 8. Re1 g5 9. d4 c6 10. Be3 Nbd7 11. Nd2 Bg6 12. Nf1 Nxe4 13. Nxe4 Bxe4 14. Ng3 Bg6 15. Bd3 Qf6 16. Nh5 Qe6 17. f4 Bxd3 18. cxd3 0-0-0 19. fxe5 Rg8 20. Bf2 Qd5 21. Qg4 Kb8 22. Nf6 Nxf6 23. exf6 Rg6 24. Re2 Rxf6 25. Rae1 Rf4 26. Qh5 Bg7 27. Re8 Rxe8 28. Rxe8+ Kc7 29. Re7+ Kb6 30. Bg3 Qxd4+ 31. Kh2 Rf1 32. h4 g4 0-1

[Event "Schilcherland op 2nd"]
[Site "Deutschlandsberg"]
[Date "2019.01.05"]
[Round "9"]
[White "Schieder, Andreas"]
[Black "Farago, Sandor"]
[Result "0-1"]
[WhiteElo "2199"]
[BlackElo "2234"]
[PlyCount "48"]
[EventDate "2018.12.29"]
[EventType "swiss"]
[EventRounds "9"]
[EventCountry "AUT"]
[SourceTitle "CBM 188 Extra"]
[Source "ChessBase"]
[SourceDate "2019.02.26"]
[SourceVersion "1"]
[SourceVersionDate "2019.02.26"]
[SourceQuality "1"]

1. e4 c5 2. d3 d5 3. e5 Nc6 4. f4 g6 5. Nf3 Bg7 6. Be2 f6 7. 0-0 fxe5 8. Nc3 exf4 9. Bxf4 a6 10. Qd2 Nf6 11. Rae1 0-0 12. Ne5 Nd4 13. Bd1 Ne6 14. Bh6 Qd6 15. Ng4 Nxg4 16. Bxg4 Bxh6 17. Qxh6 Rxf1+ 18. Rxf1 Ng7 19. Bf3 e6 20. h4 Bd7 21. h5 Nf5 22. Qd2 Rf8 23. hxg6 hxg6 24. Ne2 Qe5 0-1

[Event "AUT-chT2M 1819"]
[Site "Austria"]
[Date "2018.10.21"]
[Round "3.5"]
[White "Kuba, Guenter"]
[Black "Schieder, Andreas"]
[Result "1-0"]
[WhiteElo "2327"]
[BlackElo "2213"]
[PlyCount "53"]
[EventDate "2018.10.19"]
[EventType "team-tourn"]
[EventRounds "11"]
[EventCountry "AUT"]
[SourceTitle "CBM 187 Extra"]
[Source "ChessBase"]
[SourceDate "2018.11.04"]
[SourceVersion "1"]
[SourceVersionDate "2018.11.04"]
[SourceQuality "1"]
[WhiteTeam "Fuerstenfeld/Hartberg"]
[BlackTeam "Pinggau Friedberg"]
[WhiteTeamCountry "AUT"]
[BlackTeamCountry "AUT"]

1. e4 Nf6 2. e5 Nd5 3. c4 Nb6 4. d4 d6 5. exd6 exd6 6. Nc3 Nc6 7. h3 Bf5 8. a3 Qf6 9. Nf3 0-0-0 10. Be2 h6 11. 0-0 g5 12. d5 Ne5 13. Nxe5 dxe5 14. Be3 h5 15. c5 Nd7 16. c6 Nb6 17. Bxb6 cxb6 18. Qa4 a5 19. b4 bxc6 20. dxc6 Bd3 21. Bxd3 Rxd3 22. Rac1 e4 23. bxa5 Rxc3 24. axb6 Rxa3 25. b7+ Kc7 26. b8Q+ Kxb8 27. c7+ 1-0

[Event "AUT-chT2M 1718"]
[Site "Austria"]
[Date "2017.10.29"]
[Round "3.5"]
[White "Schieder, Andreas"]
[Black "Mostbauer, Florian"]
[Result "1/2-1/2"]
[WhiteElo "2241"]
[BlackElo "2279"]
[PlyCount "73"]
[EventDate "2017.10.27"]
[EventType "team-tourn"]
[EventRounds "11"]
[EventCountry "AUT"]
[SourceTitle "CBM 181 Extra"]
[Source "ChessBase"]
[SourceDate "2017.12.12"]
[SourceVersion "1"]
[SourceVersionDate "2017.12.12"]
[SourceQuality "1"]
[WhiteTeam "Pinggau Friedberg"]
[BlackTeam "Ansfelden"]
[WhiteTeamCountry "AUT"]
[BlackTeamCountry "AUT"]

1. e4 c6 2. d3 d5 3. Nd2 g6 4. g3 Bg7 5. Bg2 dxe4 6. Nxe4 Nf6 7. Nxf6+ Bxf6 8. h4 h5 9. Nh3 Bg4 10. Bf3 Bxf3 11. Qxf3 Qd5 12. Qe4 Nd7 13. 0-0 Ne5 14. f4 Ng4 15. Qxd5 cxd5 16. c3 e6 17. Nf2 Nh6 18. Kg2 Nf5 19. a4 Rc8 20. Ra3 Be7 21. Rb3 Rc7 22. Re1 Bc5 23. Nd1 0-0 24. Be3 Bxe3 25. Nxe3 Nxe3+ 26. Rxe3 Rd8 27. Re1 Kg7 28. Kf3 Kf6 29. Rb4 Rd6 30. Ra1 Ke7 31. Ra3 Kf6 32. a5 Kf5 33. Rba4 Rdd7 34. d4 Kf6 35. g4 hxg4+ 36. Kxg4 Re7 37. Rb4 1/2-1/2

[Event "AUT-ch"]
[Site "Graz"]
[Date "2017.08.15"]
[Round "4"]
[White "Schieder, Andreas"]
[Black "Kummer, Helmut"]
[Result "1-0"]
[WhiteElo "2224"]
[BlackElo "2307"]
[PlyCount "73"]
[EventDate "2017.08.12"]
[EventType "swiss"]
[EventRounds "9"]
[EventCountry "AUT"]
[SourceTitle "CBM 180 Extra"]
[Source "ChessBase"]
[SourceDate "2017.10.06"]
[SourceVersion "1"]
[SourceVersionDate "2017.10.06"]
[SourceQuality "1"]

1. e4 g6 2. d4 Bg7 3. Nc3 c6 4. Bc4 d6 5. Bg5 Qb6 6. Nge2 Qxb2 7. Rb1 Qa3 8. 0-0 b5 9. Nxb5 Qa5 10. Bd2 Qd8 11. Qe1 a5 12. Na3 Nf6 13. Nf4 e5 14. Nd3 Nbd7 15. f4 0-0 16. d5 cxd5 17. fxe5 dxe5 18. exd5 e4 19. Nf4 Ne5 20. Bb5 Qd6 21. Rb3 g5 22. Nh3 Nf3+ 23. Rfxf3 exf3 24. Nxg5 Qxd5 25. Bc4 Qc5+ 26. Be3 Qe5 27. Nxf3 Qh5 28. Rb5 Qg4 29. Rg5 Qe4 30. Bd3 Qb4 31. Qg3 Bg4 32. Bc5 Qb2 33. Bd4 Qc1+ 34. Kf2 Qxg5 35. Nxg5 Ne4+ 36. Bxe4 Bxd4+ 37. Kf1 1-0

[Event "Weiz op 16th"]
[Site "Weiz"]
[Date "2017.06.18"]
[Round "5.1"]
[White "Schieder, Andreas"]
[Black "Danner, Georg"]
[Result "1/2-1/2"]
[WhiteElo "2216"]
[BlackElo "2303"]
[PlyCount "21"]
[EventDate "2017.06.15"]
[EventType "swiss"]
[EventRounds "5"]
[EventCountry "AUT"]
[SourceTitle "EXT 2024"]
[Source "ChessBase"]
[SourceDate "2023.10.10"]
[SourceVersion "1"]
[SourceVersionDate "2023.10.10"]
[SourceQuality "1"]

1. e4 c5 2. d4 cxd4 3. c3 d3 4. Bxd3 g6 5. c4 d6 6. Bd2 Bg7 7. Bc3 Bxc3+ 8. Nxc3 Nf6 9. Qd2 0-0 10. Nge2 Nc6 11. Ng3 1/2-1/2

[Event "Leitersdorf Region-ch"]
[Site "Leitersdorf"]
[Date "2017.01.06"]
[Round "3.3"]
[White "Schieder, Andreas"]
[Black "Suttner, Claus"]
[Result "1/2-1/2"]
[WhiteElo "2204"]
[BlackElo "2103"]
[PlyCount "58"]
[EventDate "2017.01.04"]
[EventType "swiss"]
[EventRounds "5"]
[EventCountry "AUT"]
[SourceTitle "EXT 2024"]
[Source "ChessBase"]
[SourceDate "2023.10.10"]
[SourceVersion "1"]
[SourceVersionDate "2023.10.10"]
[SourceQuality "1"]

1. e4 e5 2. d4 exd4 3. Qxd4 Nc6 4. Qe3 Bb4+ 5. Nc3 Nf6 6. Bd2 0-0 7. 0-0-0 d6 8. f4 Bc5 9. Qg3 a6 10. Nh3 Bg4 11. Re1 Qd7 12. Ng5 h6 13. h3 Bh5 14. e5 dxe5 15. Nge4 Nxe4 16. Nxe4 Be7 17. fxe5 Bg6 18. Bd3 Qe6 19. Nf6+ Bxf6 20. exf6 Qxf6 21. Rhf1 Qd6 22. Bf4 Qd5 23. Bxg6 fxg6 24. c3 Qxa2 25. Rf3 Rad8 26. Bxh6 Qa1+ 27. Kc2 Qa4+ 28. Kc1 Rxf3 29. gxf3 Qa1+ 1/2-1/2

[Event "Steyr Landesliga 1617"]
[Site "Austria"]
[Date "2016.10.15"]
[Round "2.4"]
[White "Schieder, Andreas"]
[Black "Weiss, Leo"]
[Result "0-1"]
[WhiteElo "2195"]
[BlackElo "2120"]
[PlyCount "40"]
[EventDate "2016.10.01"]
[EventType "team-tourn"]
[EventRounds "11"]
[EventCountry "AUT"]
[SourceTitle "CBM 175 Extra"]
[Source "ChessBase"]
[SourceDate "2016.12.12"]
[SourceVersion "1"]
[SourceVersionDate "2016.12.12"]
[SourceQuality "1"]
[WhiteTeam "Pinggau Friedberg"]
[BlackTeam "Leibnitz"]
[WhiteTeamCountry "AUT"]
[BlackTeamCountry "AUT"]

1. d4 d5 2. Bg5 Nf6 3. e3 c5 4. Nd2 Nc6 5. c3 e5 6. dxe5 Nxe5 7. Ngf3 Nc6 8. e4 Be7 9. e5 Ng4 10. Bf4 f6 11. exf6 Nxf6 12. Bd3 0-0 13. Ng5 h6 14. h4 Ne4 15. Ndxe4 Rxf4 16. Qh5 Ne5 17. Be2 dxe4 18. Ne6 Bxe6 19. Qxe5 Qd6 20. Qh5 Bf7 0-1

[Event "Weiz op 15th"]
[Site "Weiz"]
[Date "2016.05.29"]
[Round "5"]
[White "Danner, Georg"]
[Black "Schieder, Andreas"]
[Result "1/2-1/2"]
[WhiteElo "2345"]
[BlackElo "2187"]
[PlyCount "57"]
[EventDate "2016.05.26"]
[EventType "swiss"]
[EventRounds "5"]
[EventCountry "AUT"]
[SourceTitle "CBM 172 Extra"]
[Source "ChessBase"]
[SourceDate "2016.06.21"]
[SourceVersion "1"]
[SourceVersionDate "2016.06.21"]
[SourceQuality "1"]

1. d4 Nf6 2. Nf3 g6 3. c4 c5 4. d5 b5 5. cxb5 a6 6. bxa6 Bxa6 7. Nc3 Bg7 8. e4 Bxf1 9. Kxf1 d6 10. g3 0-0 11. Kg2 Na6 12. Re1 Nb4 13. Re2 Nd7 14. Bg5 c4 15. Qd2 Re8 16. Bh6 Bf6 17. Be3 Ne5 18. Nxe5 Bxe5 19. Bd4 Nd3 20. Bxe5 dxe5 21. Rb1 Qd7 22. Qe3 Reb8 23. Rd2 Rb4 24. h3 f5 25. exf5 Qxf5 26. Qf3 Rbb8 27. Qxf5 gxf5 28. Kf3 Kg7 29. Ke3 1/2-1/2